Multiple-Choice-Stadtquiz Oberhausen - Statistiken

Allgemein
  • Dieses Quiz wurde 992 mal gespielt
  • Das Durchschnittsergebnis liegt bei 6 aus 10
Antwortstatistiken
Frage Antwort % Korrekt
In welcher Region liegt Oberhausen? Ruhrgebiet
92%
Wie heißt das bekannte Einkaufszentrum in Oberhausen? CentrO
85%
Wie heißt das große Industriedenkmal und heutige Ausstellungshaus in Oberhausen? Gasometer
70%
Welche Stadt grenzt im Süden an Oberhausen? Mülheim an der Ruhr
69%
Welche Freizeiteinrichtung befindet sich direkt an diesem Einkaufszentrum? Sea Life
61%
In welchem Stadtteil findet die bekannte Fronleichnamkirmes statt? Sterkrade
49%
Wie lautet der Spitzname des Fußballvereins Rot-Weiß Oberhausen? Die Kleeblätter
48%
Welches traditionsreiche Filmfestival wird seit 1954 jedes Jahr in Oberhausen ausgetragen? Internationale Kurzfilmtage
45%
Wie heißt der große Park mit Tiergehege am Schloss Oberhausen? Kaisergarten
40%
Welcher Fluss fließt durch Oberhausen? Emscher
36%
Keine übereinstimmenden Quizze gefunden
Verteilung der Resultate
Anzahl Personen mit jedem Resultat
Perzentil nach korrekt beantworteten Fragen
Ihre Resultats-Entwicklung
Sie haben dieses Quiz noch nicht gespielt